3D Imaging in Endodontics (Registro nro. 10873)

000 -CABECERA
Campo de control de longitud fija 02134nam a22003497a 4500
003 - IDENTIFICADOR DEL NÚMERO DE CONTROL
Campo de control OSt
005 - FECHA Y HORA DE LA ÚLTIMA TRANSACCIÓN
Campo de control 20260420164101.0
008 - CÓDIGOS DE INFORMACIÓN DE LONGITUD FIJA
Campo de control de longitud fija 260420t2023 xxu||||| |||| 00| 0 eng d
020 ## - NÚMERO INTERNACIONAL NORMALIZADO PARA LIBROS (ISBN)
Número Internacional Normalizado para Libros (ISBN) 9783031327551
020 ## - NÚMERO INTERNACIONAL NORMALIZADO PARA LIBROS (ISBN)
Número Internacional Normalizado para Libros (ISBN) 9783031327544
040 ## - FUENTE DE LA CATALOGACIÓN
Centro catalogador de origen Unicoc
Lengua de catalogación spa
Centro que cataloga Bogotá (Dr. David Ordóñez Rueda) - Campus Norte
Centro modificador Bogotá (Dr. David Ordóñez Rueda) - Campus Norte
082 ## - NÚMERO DE LA CLASIFICACIÓN DECIMAL DEWEY
Número de clasificación 617.6342
100 ## - PUNTO DE ACCESO PRINCIPAL - NOMBRE DE PERSONA
9 (RLIN) 13027
Nombre de persona Fayad, Mohamed I.
245 ## - MENCIÓN DE TÍTULO
Título 3D Imaging in Endodontics
Subtitulo o Resto del título : A New Era in Diagnosis and Treatment
Mención de responsabilidad etc. / Mohamed I. Fayad, Bradford R. Johnson
250 ## - MENCIÓN DE EDICIÓN
Mención de edición 1 Ed.
260 ## - PUBLICATION, DISTRIBUTION, ETC. (IMPRINT)
Lugar de publicación distribución etc. Suiza :
Nombre del editor distribuidor etc. Springer ,
Fecha de publicación distribución etc. 2023
300 ## - DESCRIPCIÓN FÍSICA
Extensión 340 páginas
Otras características físicas Ilustraciones, diagramas, tablas, gráficas
500 ## - NOTA GENERAL
Nota general Incluye bibliografía
505 ## - NOTA DE CONTENIDO CON FORMATO
Título 1.Principles of Cone Beam Computed Tomography. –
-- 2.New Software for Endodontic Diagnosis and Treatment: The e-Vol DXS. --
-- 3. Utilization of Cone Beam Computed Tomography in Endodontic Diagnosis. --
-- 4. The Impact of Cone Beam Computed Tomography in Nonsurgical and Surgical Treatment Planning. --
-- 5. Three-Dimensional Evaluation of Internal Tooth Anatomy. --
-- 6. Non-surgical Retreatment Utilizing Cone Beam Computed Tomography. --
-- 7. Surgical Treatment Utilizing Cone Beam Computed Tomography. --
-- 8. The Use of Cone Beam Computed Tomography in Piezosurgery and Static Navigation (PRESS). --
-- 9.The Use of Cone Beam Computed Tomography in Dynamic Navigation. --
-- 10. Utilization of Cone Beam Computed Tomography in Diagnosis and Treatment of Traumatic Injuries. --
-- 11. Root Resorption.
526 ## - NOTA DE INFORMACIÓN SOBRE EL PROGRAMA DE ESTUDIO
Institución que aplica el campo Unicoc
546 ## - NOTA DE LENGUA
Nota de lengua Inglés
650 #0 - PUNTO DE ACCESO ADICIONAL DE MATERIA - TÉRMINO DE MATERIA
9 (RLIN) 11097
Término de materia o nombre geográfico como elemento inicial Odontología digital
650 #0 - PUNTO DE ACCESO ADICIONAL DE MATERIA - TÉRMINO DE MATERIA
9 (RLIN) 12998
Término de materia o nombre geográfico como elemento inicial Endodoncia digital
650 #0 - PUNTO DE ACCESO ADICIONAL DE MATERIA - TÉRMINO DE MATERIA
9 (RLIN) 747
Término de materia o nombre geográfico como elemento inicial Tecnología dental
650 #0 - PUNTO DE ACCESO ADICIONAL DE MATERIA - TÉRMINO DE MATERIA
9 (RLIN) 80
Término de materia o nombre geográfico como elemento inicial Endodoncia
Subdivisión de materia general Herramientas tecnológicas
650 #0 - PUNTO DE ACCESO ADICIONAL DE MATERIA - TÉRMINO DE MATERIA
9 (RLIN) 506
Término de materia o nombre geográfico como elemento inicial Tratamiento endodóncico
Subdivisión de materia general Herramientas tecnológicas
650 #0 - PUNTO DE ACCESO ADICIONAL DE MATERIA - TÉRMINO DE MATERIA
9 (RLIN) 13010
Término de materia o nombre geográfico como elemento inicial Tomografía computarizada
Subdivisión de materia general CBCT
658 #0 - TÉRMINO DE INDIZACIÓN - OBJETIVO CURRICULAR
9 (RLIN) 8071
Programa Académico Especialización en Endodoncia
700 ## - PUNTO DE ACCESO ADICIONAL - NOMBRE DE PERSONA
9 (RLIN) 13028
Nombre de persona Johnson, Bradford R.
856 ## - LOCALIZACIÓN Y ACCESO ELECTRÓNICOS
Texto del enlace Acceso online exclusivo para comunidad Unicoc.
Identificador Uniforme del Recurso (URI) https://unicoceduco-my.sharepoint.com/:b:/g/personal/direccionbiblioteca_unicoc_edu_co/IQAPX7XQpdJgR6f0YTmvXODiAbtkWzhI4HEN9DXFMpgzrIE?e=ZzOeXo
942 ## - ENTRADA PARA ELEMENTOS AGREGADOS (KOHA)
Fuente de clasificación o esquema de ordenación en estanterías
Koha [por defecto] tipo de item Libro electrónico
Existencias
Código de barras Fecha del precio de reemplazo No para préstamo Estado de pérdida Signatura completa Precio Localización actual Fecha última consulta Estropeado Código de colección Fuente de adquisición Tipo de item de Koha Localización permanente Fuente de clasificación o esquema de ordenación en estanterías Fecha de adquisición
Ebook108732026-04-20  617.6342200000.00Bogotá (Dr. David Ordóñez Rueda) - Campus Norte2026-04-20 Coleccion OnlineCompraLibro electrónicoBogotá (Dr. David Ordóñez Rueda) - Campus Norte 2026-04-20

© 2014 UNICOC | Institución Universitaria Colegios de Colombia - UNICOC
Bogotá D.C. Autopista Norte Km. 20. Teléfono:(571)6683535
Cali: Calle 13 Norte No. 3N-13. Teléfono: (572)6608887

Con tecnología de Koha